[Event "Naantali op"]
[Site "Naantali"]
[Date "2014.07.03"]
[Round "5"]
[White "Kunnari, Taisto"]
[Black "Piiroinen, Tero"]
[Result "0-1"]
[WhiteElo "1730"]
[BlackElo "1890"]
[PlyCount "62"]
[EventDate "2014.06.30"]
[EventType "swiss"]
[EventRounds "9"]
[EventCountry "FIN"]
[SourceTitle "CBM 161 Extra"]
[Source "ChessBase"]
[SourceDate "2014.08.29"]
[SourceVersion "1"]
[SourceVersionDate "2014.08.29"]
[SourceQuality "1"]

1. d4 f5 2. Nf3 Nf6 3. c4 e6 4. Nc3 Bb4 5. Bd2 b6 6. e3 Bb7 7. a3 Be7 8. h3 0-0 9. Be2 d6 10. 0-0 a6 11. Qc2 Ne4 12. Rad1 Nd7 13. Nh2 Qe8 14. Bf3 Qg6 15. Bxe4 fxe4 16. f3 Nf6 17. f4 h5 18. b4 d5 19. cxd5 exd5 20. Be1 c5 21. dxc5 bxc5 22. b5 d4 23. exd4 cxd4 24. Qa2+ Kh8 25. Ne2 Bd5 26. Qb2 d3 27. Ng3 h4 28. f5 Qg5 29. Nh1 Bc5+ 30. Bf2 e3 31. Be1 e2+ 0-1

[Event "Naantali op"]
[Site "Naantali"]
[Date "2014.07.03"]
[Round "6"]
[White "Kunnari, Taisto"]
[Black "Rantamo, Keijo"]
[Result "0-1"]
[WhiteElo "1730"]
[BlackElo "1801"]
[PlyCount "34"]
[EventDate "2014.06.30"]
[EventType "swiss"]
[EventRounds "9"]
[EventCountry "FIN"]
[SourceTitle "CBM 161 Extra"]
[Source "ChessBase"]
[SourceDate "2014.08.29"]
[SourceVersion "1"]
[SourceVersionDate "2014.08.29"]
[SourceQuality "1"]

1. d4 Nf6 2. c4 e6 3. Nc3 d5 4. Nf3 c6 5. e3 Bb4 6. Bd2 Nbd7 7. a3 Bd6 8. c5 Bc7 9. Bd3 0-0 10. 0-0 e5 11. dxe5 Ng4 12. b4 Ndxe5 13. Be2 Nxf3+ 14. Bxf3 Bxh2+ 15. Kh1 Qh4 16. Bxg4 Bxg4 17. f3 Bg3+ 0-1

[Event "Naantali op"]
[Site "Naantali"]
[Date "2014.07.01"]
[Round "3"]
[White "Norri, Roger"]
[Black "Kunnari, Taisto"]
[Result "0-1"]
[WhiteElo "1903"]
[BlackElo "1730"]
[PlyCount "58"]
[EventDate "2014.06.30"]
[EventType "swiss"]
[EventRounds "9"]
[EventCountry "FIN"]
[SourceTitle "CBM 161 Extra"]
[Source "ChessBase"]
[SourceDate "2014.08.29"]
[SourceVersion "1"]
[SourceVersionDate "2014.08.29"]
[SourceQuality "1"]

1. e4 c6 2. d4 d5 3. Nc3 dxe4 4. Nxe4 Bf5 5. Ng3 Bg6 6. Nf3 Nd7 7. h4 h6 8. Bd3 Bxd3 9. Qxd3 Ngf6 10. Bd2 Qc7 11. 0-0-0 e6 12. Rhe1 0-0-0 13. c4 Bd6 14. Ne2 c5 15. Nc3 a6 16. Kb1 Bf4 17. d5 Bxd2 18. Rxd2 exd5 19. cxd5 Rhe8 20. Ne4 Nxe4 21. Rxe4 Rxe4 22. Qxe4 Qd6 23. Kc2 Qg6 24. Qxg6 fxg6 25. Kd3 Nf6 26. Kc4 b5+ 27. Kb3 Nxd5 28. Ne5 c4+ 29. Ka3 b4+ 0-1

[Event "FIN-ch op"]
[Site "Naantali"]
[Date "2013.07.04"]
[Round "6"]
[White "Paasikangas, Eino"]
[Black "Kunnari, Taisto"]
[Result "1-0"]
[WhiteElo "1541"]
[BlackElo "1463"]
[PlyCount "44"]
[EventDate "2013.07.01"]
[EventType "swiss"]
[EventRounds "9"]
[EventCountry "FIN"]
[SourceTitle "EXT 2014"]
[Source "ChessBase"]
[SourceDate "2013.11.20"]
[SourceVersion "1"]
[SourceVersionDate "2013.11.20"]
[SourceQuality "1"]

1. d4 d5 2. c4 c6 3. e3 Nf6 4. Nc3 Bf5 5. Qb3 Qb6 6. Qxb6 axb6 7. cxd5 cxd5 8. Nf3 e6 9. Bb5+ Nfd7 10. Ne5 Bd6 11. Nxd7 Nxd7 12. 0-0 Ke7 13. Bd2 h5 14. a3 h4 15. h3 g5 16. f3 Bc7 17. e4 dxe4 18. fxe4 Bf4 19. Bxf4 Bg6 20. Bxg5+ f6 21. Bd2 Rhg8 22. Bxd7 Kxd7 1-0

[Event "FIN-ch op"]
[Site "Naantali"]
[Date "2013.07.01"]
[Round "1"]
[White "Kunnari, Taisto"]
[Black "Piiroinen, Tero"]
[Result "1/2-1/2"]
[WhiteElo "1463"]
[BlackElo "1894"]
[PlyCount "59"]
[EventDate "2013.07.01"]
[EventType "swiss"]
[EventRounds "9"]
[EventCountry "FIN"]
[SourceTitle "EXT 2014"]
[Source "ChessBase"]
[SourceDate "2013.11.20"]
[SourceVersion "1"]
[SourceVersionDate "2013.11.20"]
[SourceQuality "1"]

1. d4 e6 2. c4 f5 3. Nc3 Nf6 4. Bg5 d5 5. cxd5 exd5 6. e3 c6 7. Bd3 h6 8. Bxf6 Qxf6 9. Nge2 Bd6 10. 0-0 0-0 11. f4 Be6 12. Qd2 Nd7 13. Ng3 g6 14. a3 Qe7 15. Rf3 Kh7 16. Nge2 Nf6 17. Rc1 Ne4 18. Bxe4 fxe4 19. Rf2 Qh4 20. Na4 g5 21. g3 Qh3 22. Nc5 Bxc5 23. dxc5 Bg4 24. Nd4 gxf4 25. Rxf4 Rxf4 26. exf4 Re8 27. Re1 h5 28. Qg2 h4 29. Qxh3 Bxh3 30. Nf3 1/2-1/2

[Event "Naantali op"]
[Site "Naantali"]
[Date "2012.07.06"]
[Round "7"]
[White "Kunnari, Taisto"]
[Black "Jaernefelt, Wilhelm"]
[Result "0-1"]
[WhiteElo "1470"]
[BlackElo "1838"]
[PlyCount "60"]
[EventDate "2012.07.02"]
[EventType "swiss"]
[EventRounds "9"]
[EventCountry "FIN"]
[SourceTitle "CBM 149 Extra"]
[Source "ChessBase"]
[SourceDate "2012.08.24"]
[SourceVersion "1"]
[SourceVersionDate "2012.08.24"]
[SourceQuality "1"]

1. e4 e5 2. Nf3 Nc6 3. a3 Nf6 4. Nc3 a5 5. Bc4 Bc5 6. h3 d6 7. d3 Ne7 8. g4 Ng6 9. Ne2 h6 10. Bd2 0-0 11. Qc1 Nh7 12. Be3 Ba7 13. Qd2 Bd7 14. Bxa7 Rxa7 15. 0-0-0 b5 16. Bb3 c5 17. c4 a4 18. Ba2 Ne7 19. cxb5 Bxb5 20. Kc2 Nf6 21. Rb1 Qc7 22. Rhc1 Rd8 23. Nc3 Bc6 24. Rd1 d5 25. exd5 Nexd5 26. Nxd5 Nxd5 27. Qe1 Re8 28. Rd2 Nf4 29. Qe3 e4 30. Rg1 exf3 0-1

[Event "Naantali op"]
[Site "Naantali"]
[Date "2012.07.03"]
[Round "2"]
[White "Kunnari, Taisto"]
[Black "Saharinen, Petri"]
[Result "0-1"]
[WhiteElo "1470"]
[BlackElo "1884"]
[PlyCount "68"]
[EventDate "2012.07.02"]
[EventType "swiss"]
[EventRounds "9"]
[EventCountry "FIN"]
[SourceTitle "CBM 149 Extra"]
[Source "ChessBase"]
[SourceDate "2012.08.24"]
[SourceVersion "1"]
[SourceVersionDate "2012.08.24"]
[SourceQuality "1"]

1. d4 Nf6 2. c4 g6 3. Nf3 d5 4. e3 Bg7 5. Nc3 0-0 6. h3 c5 7. Be2 Nc6 8. dxc5 Qa5 9. Bd2 Qxc5 10. cxd5 Nxd5 11. Rc1 Rd8 12. 0-0 Nxc3 13. bxc3 Be6 14. Qc2 Rac8 15. Rfd1 Nb4 16. Qa4 Nxa2 17. Rc2 Nxc3 18. Bxc3 Rxd1+ 19. Bxd1 Bxc3 20. Nd4 Qa5 21. Qxa5 Bxa5 22. Rxc8+ Bxc8 23. Kf1 Bb4 24. Ke2 e5 25. Nc2 Bc5 26. Kd3 Bf5+ 27. e4 Be6 28. f3 b5 29. Kc3 a5 30. Kb2 a4 31. Na3 Bd4+ 32. Kb1 b4 33. Nb5 a3 34. Nxd4 exd4 0-1